Northanger Abbey / (Record no. 2880)
[ view plain ]
| 000 -LEADER | |
|---|---|
| fixed length control field | 01870nam a22003015i 4500 |
| 001 - CONTROL NUMBER | |
| control field | 2880 |
| 003 - CONTROL NUMBER IDENTIFIER | |
| control field | FISKH |
| 005 - DATE AND TIME OF LATEST TRANSACTION | |
| control field | 20240119153833.0 |
| 008 - FIXED-LENGTH DATA ELEMENTS--GENERAL INFORMATION | |
| fixed length control field | 240116s2024 nyu 000 0 eng |
| 010 ## - LIBRARY OF CONGRESS CONTROL NUMBER | |
| LC control number | 2024930848 |
| 020 ## - INTERNATIONAL STANDARD BOOK NUMBER | |
| International Standard Book Number | 9780198841067 |
| Qualifying information | (paperback) |
| 020 ## - INTERNATIONAL STANDARD BOOK NUMBER | |
| International Standard Book Number | 9780099511878 |
| 020 ## - INTERNATIONAL STANDARD BOOK NUMBER | |
| Canceled/invalid ISBN | 9780192577801 |
| Qualifying information | (epub) |
| 040 ## - CATALOGING SOURCE | |
| Original cataloging agency | DLC |
| Language of cataloging | eng |
| Description conventions | rda |
| Transcribing agency | DLC |
| 042 ## - AUTHENTICATION CODE | |
| Authentication code | pcc |
| 050 ## - LIBRARY OF CONGRESS CALL NUMBER | |
| Classification number | PR4034.N7 |
| 082 ## - DEWEY DECIMAL CLASSIFICATION NUMBER | |
| Classification number | 823.7 |
| 100 1# - MAIN ENTRY--PERSONAL NAME | |
| Personal name | Austen, Jane, |
| 245 10 - TITLE STATEMENT | |
| Title | Northanger Abbey / |
| Statement of responsibility, etc. | Jane Austen, Thomas Keymer. |
| 260 ## - PUBLICATION, DISTRIBUTION, ETC. | |
| Place of publication, distribution, etc. | London : |
| Name of publisher, distributor, etc. | Random House, |
| Date of publication, distribution, etc. | 2008. |
| 300 ## - PHYSICAL DESCRIPTION | |
| Extent | 241 pages : |
| Dimensions | 20 cm |
| 490 0# - SERIES STATEMENT | |
| Series statement | Oxford world's classics |
| 520 ## - SUMMARY, ETC. | |
| Summary, etc. | "Northanger Abbey is a comedy about reading and misreading-reading books, reading the world-and about different kinds of peril, both imagined and real. It is Jane Austen's most self-conscious work in generic terms, grounded in a tradition of metafiction (novels about novels) that looks back two centuries to Cervantes, yet also in the flashiest, most fashionable new writing of Austen's day. It shows her experimenting creatively with form and technique, reworking inherited conventions of authorial commentary and story-telling while developing her signature style of free indirect discourse, where detached narrative comes to bear the impress of a character's voice and perspective. The celebrated fifth chapter of Northanger Abbey, in which Austen steps out of her narrative frame to make a bold, eloquent case for the power of novels, is a landmark of literary history, a key moment in the elevation of the genre from dismissive, even hostile, eighteenth-century assumptions on the road to its Victorian prestige"-- |
| Assigning source | Provided by publisher. |
| 650 ## - SUBJECT ADDED ENTRY--TOPICAL TERM | |
| Topical term or geographic name entry element | British literature |
| Form subdivision | Juvenile literature |
| 650 ## - SUBJECT ADDED ENTRY--TOPICAL TERM | |
| Topical term or geographic name entry element | Romance |
| Form subdivision | Fiction |
| 906 ## - LOCAL DATA ELEMENT F, LDF (RLIN) | |
| a | 0 |
| b | ibc |
| c | orignew |
| d | 2 |
| e | epcn |
| f | 20 |
| g | y-gencatlg |
| 942 ## - ADDED ENTRY ELEMENTS (KOHA) | |
| Source of classification or shelving scheme | Dewey Decimal Classification |
| Koha item type | Books |
| Suppress in OPAC | No |
| Withdrawn status | Lost status | Source of classification or shelving scheme | Damaged status | Not for loan | Collection | Home library | Current library | Shelving location | Date acquired | Total Checkouts | Full call number | Barcode | Date last seen | Price effective from | Koha item type |
|---|---|---|---|---|---|---|---|---|---|---|---|---|---|---|---|
| Dewey Decimal Classification | Fiction | Footprints International School Library Network Toul Kork Campus | Footprints International School Library Network Toul Kork Campus | 01/19/2024 | AUS Fic PR4034.N7 | 2024-0045 | 01/19/2024 | 01/19/2024 | Books |
